Panegyrico de Luiz de Camôes (Record no. 157234)

MARC details
000 -LEADER
campo de control de longitud fija 00790nam a22001935i 4500
001 - NÚMERO DE CONTROL
campo de control 157234
003 - IDENTIFICADOR DE NÚMERO DE CONTROL
campo de control ES-MaACL
005 - FECHA Y HORA DE LA ÚLTIMA TRANSACCIÓN
campo de control 20250818173600.0
008 - DATOS DE LONGITUD FIJA--INFORMACIÓN GENERAL
campo de control de longitud fija 990203s1880 po |||| | por d
040 ## - FUENTE DE CATALOGACIÓN
Centro catalogador/agencia de origen CCPB | B
Lengua de catalogación spa
Centro/agencia transcriptor CCPB | B
100 1# - ENTRADA PRINCIPAL--NOMBRE DE PERSONA
Nombre de persona Coelho, José María Latino (
Fechas asociadas al nombre 1825-1891)
9 (RLIN) 126522
245 10 - MENCIÓN DEL TÍTULO
Título Panegyrico de Luiz de Camôes
Resto del título : lido na sessáo solemmne da Academia Real das Sciencias de Lisboa em 9 de junho de 1880 /
Mención de responsabilidad, etc. pelo J. M. Latino Coelho.
260 ## - PUBLICACIÓN, DISTRIBUCIÓN, ETC.
Lugar de publicación, distribución, etc. Lisboa :
Nombre del editor, distribuidor, etc. [s.n.],
Fecha de publicación, distribución, etc. 1880 (
Fabricante Typographia da Academia)
300 ## - DESCRIPCIÓN FÍSICA
Extensión 20 p. ;
Dimensiones 22 cm.
597 ## - NOTA DE DESCRIPCIÓN FÍSICA
NOTA DE DESCRIPCIÓN FÍSICA Antep.
600 14 - PUNTO DE ACCESO ADICIONAL DE MATERIA--NOMBRE DE PERSONA
Nombre de persona Camões, Luís de,
Fechas asociadas al nombre 1524?-1580
9 (RLIN) 181622
852 ## - LOCALIZACIÓN
Ubicación ES-MaACL
Número de control de estantería T-429-F-5
Nota libre -- Enc. hol.
condición física -- Falto de la cub. original
Nota libre -- Enc. en un vol. facticio
Holdings
Estatus retirado Estado de pérdida Estado de daño No para préstamo Colección Biblioteca de origen Biblioteca actual Ubicación en estantería Fecha de adquisición Total de préstamos Signatura topográfica completa Código de barras Visto por última vez Precio de reemplazo Tipo de ítem Koha
        Colección de folletos Biblioteca del Ateneo de Madrid Biblioteca del Ateneo de Madrid Depósito folletos 17/01/2008   T-429-F-5 1164536 23/02/2023 23/02/2023 Folleto